| 000 | 02257cam a22004334a 4500 | ||
|---|---|---|---|
| 001 | 16489283 | ||
| 003 | OSt | ||
| 005 | 20150408114059.0 | ||
| 008 | 100930s2011 flua b 001 0 eng | ||
| 010 | _a 2010042248 | ||
| 020 | _a9781439807132 (hardcover : alk. paper) | ||
| 035 | _a(DNLM)101542629 | ||
| 040 |
_aDNLM/DLC _cDLC _dDLC |
||
| 042 | _apcc | ||
| 050 | 0 | 0 |
_aRM666.H33 _bH458 2011 |
| 060 | 1 | 0 |
_aW1 _bOX626 v.28 2011 |
| 060 | 1 | 0 | _aWB 925 |
| 082 | 0 | 0 |
_a615.321 _222 _bHEM |
| 245 | 0 | 0 |
_aHerbal medicine : _bbiomolecular and clinical aspects / _cedited by Iris F.F. Benzie and Sissi Wachtel-Galor. |
| 250 | _a2nd ed. | ||
| 260 |
_aBoca Raton : _bCRC Press, _cc2011. |
||
| 300 |
_axxi, 473 p. : _bill. ; _c26 cm. |
||
| 490 | 1 |
_aOxidative stress and disease ; _v28 |
|
| 500 | _aRev. ed. of: Herbal and traditional medicine / edited by Lester Packer, Choon Nam Ong, Barry Halliwell. c2004. | ||
| 504 | _aIncludes bibliographical references and index. | ||
| 520 | _a"Responding to the increased popularity of herbal medicines and other forms of complementary or alternative medicine in countries around the world, this reference reviews and evaluates various safety, toxicity, and quality-control issues related to the use of traditional and herbal products for health maintenance and disease prevention and treatment. With over 3,550 current references, the book highlights the role of herbal medicine in national health care while providing case studies of widely used herbal remedies and their effects on human health and wellness and the need for the design and performance of methodologically sound clinical trials for the plethora of herbal medicines"--Provided by publisher. | ||
| 650 | 0 |
_aHerbs _xTherapeutic use. |
|
| 650 | 0 |
_aHerbs _xMolecular aspects. _917282 |
|
| 650 | 0 |
_aTraditional medicine. _911476 |
|
| 650 | 1 | 2 |
_aPhytotherapy. _911203 |
| 650 | 2 | 2 | _aPlants, Medicinal. |
| 700 | 1 |
_aBenzie, Iris F. F. _917283 |
|
| 700 | 1 |
_aWachtel-Galor, Sissi. _917284 |
|
| 730 | 0 |
_aHerbal and traditional medicine. _917285 |
|
| 830 | 0 |
_aOxidative stress and disease ; _v28. _917286 |
|
| 906 |
_a7 _bcbc _corignew _d1 _eecip _f20 _gy-gencatlg |
||
| 942 |
_2ddc _cDVD |
||
| 999 |
_c25969 _d260469 |
||